| 000 | 00546nam a22001697a 4500 | ||
|---|---|---|---|
| 008 | 110315s2008 enk|||||r|||| 001 0 eng d | ||
| 020 | _a1844805344 | ||
| 020 | _a9781844805341 | ||
| 082 |
_a658.5 _bBAR |
||
| 100 |
_922596 _aBarnes, David |
||
| 245 |
_aOperations Management : _bAn International Perspective / _cDavid Barnes |
||
| 260 |
_aLondon : _bThomson, 2008 _c2008 |
||
| 300 |
_axxviii, 466 p. : _bcol. ill. ; _c28 cm. |
||
| 504 | _aIncludes bibliographical references and index | ||
| 650 |
_91855 _aProduction management |
||
| 942 |
_2ddc _cBB |
||
| 999 |
_c15017 _d15017 |
||